Chemistry of high-temperature superconductors / (Record no. 26160)
[ view plain ]
| 000 -LEADER | |
|---|---|
| fixed length control field | 01620cam a22003375i 4500 |
| 001 - CONTROL NUMBER | |
| control field | 1477867 |
| 003 - CONTROL NUMBER IDENTIFIER | |
| control field | EG-ScBUE |
| 005 - DATE AND TIME OF LATEST TRANSACTION | |
| control field | 20250624084743.0 |
| 008 - FIXED-LENGTH DATA ELEMENTS--GENERAL INFORMATION | |
| fixed length control field | 870727s1988 waua f b 101 0 eng d |
| 020 ## - INTERNATIONAL STANDARD BOOK NUMBER | |
| International Standard Book Number | 084121431X |
| 040 ## - CATALOGING SOURCE | |
| Original cataloging agency | EG-ScBUE |
| Language of cataloging | eng |
| Description conventions | rda |
| Transcribing agency | EG-ScBUE |
| Modifying agency | EG-ScBUE |
| 082 04 - DEWEY DECIMAL CLASSIFICATION NUMBER | |
| Classification number | 537.623 |
| Item number | CHE |
| Edition number | 22 |
| 245 00 - TITLE STATEMENT | |
| Title | Chemistry of high-temperature superconductors / |
| Statement of responsibility, etc | David L. Nelson, editor, Office of Naval Research, M. Stanley Whittingham, editor, Schlumberger-Doll Research, Thomas F. George, editor, State University of New York at Buffalo. |
| 250 ## - EDITION STATEMENT | |
| Edition statement | Second printing. |
| 264 #1 - PUBLICATION, DISTRIBUTION, ETC. (IMPRINT) | |
| Place of publication, distribution, etc | Washington, DC : |
| Name of publisher, distributor, etc | American Chemical Society, |
| Date of publication, distribution, etc | 1988. |
| 300 ## - PHYSICAL DESCRIPTION | |
| Extent | ix, 329 pages : |
| Other physical details | illustrations ; |
| Dimensions | 24 cm. |
| 336 ## - CONTENT TYPE | |
| Source | rdacontent |
| Content type term | text |
| Content type code | txt |
| 337 ## - MEDIA TYPE | |
| Media type term | unmediated |
| Source | rdamedia |
| Media type code | n |
| 338 ## - CARRIER TYPE | |
| Carrier type term | volume |
| Carrier type code | nc |
| Source | rdacarrier |
| 490 0# - SERIES STATEMENT | |
| Series statement | ACS symposium series, |
| International Standard Serial Number | 0097-6156 ; |
| Volume number/sequential designation | 351 |
| 500 ## - GENERAL NOTE | |
| General note | Developed for and from symposia sponsored by the Divisions of Inorganic Chemistry and Physical Chemistry at the 194th and 195th Meetings of the American Chemical Society, held Aug. 30-Sept. 4, 1987, New Orleans, La. and Sept. 25-30, 1988, Los Angeles, Calif. |
| 504 ## - BIBLIOGRAPHY, ETC. NOTE | |
| Bibliography, etc | Includes bibliographical references and index.<br/> |
| 650 #7 - SUBJECT ADDED ENTRY--TOPICAL TERM | |
| Topical term or geographic name as entry element | Superconductors |
| General subdivision | Chemistry |
| Form subdivision | Congresses. |
| Source of heading or term | BUEsh |
| 650 #7 - SUBJECT ADDED ENTRY--TOPICAL TERM | |
| Topical term or geographic name as entry element | High temperature superconductors |
| Form subdivision | Congresses. |
| Source of heading or term | BUEsh |
| 653 ## - INDEX TERM--UNCONTROLLED | |
| Resource For college | Engineering, Chemical |
| Arrived date list | February2018 |
| 655 ## - INDEX TERM--GENRE/FORM | |
| Form subdivision | Reading book |
| 700 1# - ADDED ENTRY--PERSONAL NAME | |
| Personal name | Nelson, David L. |
| Fuller form of name | (David Lee), |
| Dates associated with a name | 1942- |
| Relator term | editor. |
| 700 1# - ADDED ENTRY--PERSONAL NAME | |
| Personal name | Whittingham, M. Stanley |
| Fuller form of name | (Michael Stanley), |
| Dates associated with a name | 1941- |
| Relator term | editor. |
| 700 1# - ADDED ENTRY--PERSONAL NAME | |
| Personal name | George, Thomas F., |
| Dates associated with a name | 1947- |
| Relator term | editor. |
| 942 ## - ADDED ENTRY ELEMENTS (KOHA) | |
| Source of classification or shelving scheme | Dewey Decimal Classification |
| Koha item type | Book - Borrowing |
| Withdrawn status | Lost status | Source of classification or shelving scheme | Damaged status | Not for loan | Collection code | Home library | Current library | Shelving location | Date acquired | Total Checkouts | Full call number | Barcode | Date last seen | Koha item type | Public note |
|---|---|---|---|---|---|---|---|---|---|---|---|---|---|---|---|
| Dewey Decimal Classification | Baccah | Central Library | Central Library | First floor | 20/02/2018 | 537.623 CHE | 000043007 | 15/07/2025 | Book - Borrowing | V. 1. | |||||
| Dewey Decimal Classification | Baccah | Central Library | Central Library | First floor | 20/02/2018 | 537.623 CHE | 000043008 | 15/07/2025 | Book - Borrowing | V. 1. |